• 首页
  • 本馆介绍
  • 公告通知
  • 最新文献
  • 馆藏检索
  • 电子资源
  • 读者导购
  • 参考咨询
  • 我的图书馆
  • 登录
  • 详细信息显示
  • 放入我的书架
  • 预约/预借图书
  • 作者相关作品
  • 分类相关作品
  • 丛书相关作品
  • 出版社相关作品

书目信息

  • 表格格式
  • 工作单格式
  • 卡片格式
题名:
京园余梦
    
 
作者: 陈坚 著
分册:  
出版信息: 北京   中国财富出版社  2018
页数: 206页
开本: 23cm
丛书名:
单 册:
中图分类: I227.7
科图分类:
主题词: 诗集--律诗--lv shi--中国--当代
电子资源: http://www.zxhsd.com/kgsm/ts/2018/03/13/4080403.shtml     
ISBN: 978-7-5047-5399-1
000 00966nam0 2200265 450
001 012001007313
005 20140101104848.0
010    @a978-7-5047-5399-1@dCNY68.00
099    @aCAL 012018045710
100    @a20180316d2018 em y0chiy50 ea
101 0  @achi
102    @aCN@b110000
105    @ay z 000gy
106    @ar
200 1  @a京园余梦@Ajing yuan yu meng@e陈坚律诗集@f陈坚著
210    @a北京@c中国财富出版社@d2018
215    @a206页@d23cm
330    @a本书共收律诗八十多首,其中五律四首,余皆七律,包括《回乡杂感》《初春杂咏》《和福成步原韵》《致李启文老师并转诸文友》《酬杨忠弟》《北海泛舟》《重游青岩寺》《无题》《入夏初雨》《病起书怀》等。
517 1  @a陈坚律诗集@Achen jian lü shi ji
606 0  @x诗集@a律诗@Alv shi@y中国@z当代
690    @aI227.7@v5
701  0 @a陈坚@Achen jian@f(1947-)@4著
801  2 @aCN@b上海新华@c20191020
856 4  @uhttp://www.zxhsd.com/kgsm/ts/2018/03/13/4080403.shtml
905    @b1133177-80@dI227.7@e607@f4
    
    京园余梦:陈坚律诗集/陈坚著.-北京:中国财富出版社,2018
    206页;23cm
    
    
    ISBN 978-7-5047-5399-1:CNY68.00
    本书共收律诗八十多首,其中五律四首,余皆七律,包括《回乡杂感》《初春杂咏》《和福成步原韵》《致李启文老师并转诸文友》《酬杨忠弟》《北海泛舟》《重游青岩寺》《无题》《入夏初雨》《病起书怀》等。
●
相关链接 在E读中查询图书 在五车中查询图书 在当当中查询图书 在豆瓣中查询图书


正题名:京园余梦     索取号:I227.7/607         预约/预借

序号 登录号 条形码 馆藏地/架位号 状态 备注
1 1133177   211331771   第一样本阅览室/ [索取号:I227.7/607] 在馆    
2 1133178   211331780   第二借阅区/ [索取号:I227.7/607] 在馆    
3 1133179   211331799   第二借阅区/ [索取号:I227.7/607] 在馆    
4 1133180   211331806   第二借阅区/ [索取号:I227.7/607] 在馆    
唐山师范学院图书馆 欢迎您!
大连网信软件有限公司© 版权所有